000 00489nam a2200181Ia 4500
008 230524s9999 xx 000 0 und d
020 _a0071007288
082 _a621.38173
_bGEI
100 _aRandall L.Geiger
245 0 _aVLSI Design Techniques for Analog and Digital Circuits
250 _a1ST
260 _aNEW DELHI
_bTMH
_c1990
300 _aXI;951
500 _aQuantity Number: 24
650 _aElectronics
700 _a" Phillip E.Allen , Noel R.Strader,,,"
942 _cBK
999 _c29967
_d29967